Statistics for Vs. Impostor v4 Songs

Click here to take the quiz!

General Stats

  • This quiz has been taken 28 times
  • The average score is 37 of 63

Answer Stats

CharacterSong% Correct
BlackDefeat
100%
Black n' WhiteDouble Kill
94%
Green ParasiteEjected
94%
RedMeltdown
94%
GreenReactor
94%
Maroon ParasiteBoiling Point
88%
BlackDanger
88%
GreyDelusion
88%
YellowD'low
88%
GreenLights Down
88%
WhiteOversight
88%
MaroonAshes
82%
PinkHeartbeat
82%
YellowMando
82%
PinkPinkwave
82%
Pink and GreyPretender
82%
RedSabotage
82%
Warcheif, Red Mongus, and JelqerVoting Time
82%
Black ParasiteFinale
76%
MaroonMagmatic
76%
RedSussus Moogus
76%
GreenSussus Toogus
76%
Warcheif, Jelqer, and JorsawseeVictory
76%
Jorsawsee, Red Mongus02
65%
LoggoChristmas
65%
GreyBlackout
59%
Loggo ParasiteSpookposter
59%
Red Mongus ParasiteTurbulence
59%
CharlesGreatest Plan
53%
MonotoneIdentity Crisis
53%
Henry and EllieReinforcements
53%
TomongusRivals
53%
PowersRoomcode
53%
ChefongusSauces Moogus
53%
HenryTitular
53%
White and BlueWho
53%
Red and Green ParasiteDouble Trouble
47%
Toby FoxIDK
47%
GreyNeurotic
47%
Red and CyanOw
47%
JABSStargazer
47%
TomongusSussy Bussy
47%
Black, Pink, Grey, and MaroonTriple Kill
47%
Cval and PipChippin
41%
Cval and PipChipping
41%
JermaInsane Streamer
41%
Cval, Pip, and ZiffyTorture
41%
Old RedActin Sus
35%
Old RedAlpha Moogus
35%
Right-Hand Man and ReginaldArmed
35%
DripposterDrippypop
35%
BrownEsculent
35%
DeadposterMonochrome
35%
Monotone, FABS, Clowfoe, Biddle3Monotone Attack
35%
Ziffy and ClowfoeSkinny Nuts 2
35%
Earthbound RedSussus Nuzzus
35%
___ __ Imposters in Among usTop 10
35%
HampterChewmate
29%
JABSChlorophyll
29%
DaveCrewicide
29%
JABSLemon Lime
29%
TomongusTomongus Tuesday
29%
JABSInflorescence
18%

Score Distribution

Percentile by Number Answered

Percent of People with Each Score

Your Score History

You have not taken this quiz